| 000 | 00736nam 22002293 4500 | ||
|---|---|---|---|
| 001 | 201352 | ||
| 021 | _aPT | ||
| 090 | _a201352 | ||
| 100 | _a20231025d u||y0pory50 ba | ||
| 200 |
_aUm verão assim ; As máscaras de sábado _fMário Cláudio _gprefácio de Eduardo Lourenço |
||
| 205 | _a2ª | ||
| 210 |
_aPorto _cO oiro do dia _dimp. 1982 |
||
| 215 |
_a182, [3] p. _cbrochado _d23 cm |
||
| 300 | _aContém dedicatória na folha de rosto | ||
| 606 |
_aLiteratura Portuguesa _96 |
||
| 675 |
_a821.134.3-3"19/20" _vPT _zpor |
||
| 675 |
_a821.134.3-3"19/20" _vPT _zpor |
||
| 700 |
_93761 _aCláudio _bMário _f1941- |
||
| 702 |
_91041 _aLourenço _bEduardo _f1923-2020 |
||
| 801 |
_aPT _bBMMN _gRPC |
||
| 830 |
_cAna Falardo _fAna Falardo |
||
| 990 | _cLIVROS | ||